Estat i escrivans municipals a la Catalunya del segle XIX. Normes i pràctiques / Eliseu Toscas i Santamans
Descripción Física:
p. 219-250 ; 24 cm
MARC
| LEADER | 00000nam a2200000Ia 4500 | ||
|---|---|---|---|
| 001 | 17585 | ||
| 008 | 160829s2004 xx 000 0 cat d | ||
| 080 | |a FU-10-10 | ||
| 100 | |a Toscas i Santamans, Eliseu |9 23582 | ||
| 245 | |a Estat i escrivans municipals a la Catalunya del segle XIX. Normes i pràctiques / Eliseu Toscas i Santamans | ||
| 260 | |a Barcelona : |b Col·legi de Notaris de Catalunya, |c 2004 | ||
| 300 | |a p. 219-250 ; |c 24 cm | ||
| 590 | |a Separata d'Estudis Històrics i Documents dels Arxius de Protocols, XXII | ||
| 650 | |a Escrivans |x Catalunya |9 23583 | ||
| 650 | |a Notaris |x Catalunya |9 23584 | ||
| 650 | |a Secretaris d'administració local |x Catalunya I |9 23585 | ||
| 650 | |a Municipis |x Govern i administració |x Catalunya |x Segle XIX |9 23586 | ||
| 901 | |a Arxiu | ||
| 942 | |n 1 | ||
| 952 | |0 0 |1 0 |4 0 |6 FU1010 |7 1 |9 42764 |a Arxiu |b Arxiu |d 2016-12-01 |l 0 |o FU-10-10 |p 17585 |r 2016-12-01 00:00:00 |w 2016-12-01 |y ARXIU | ||
| 999 | |c 45270 |d 45270 | ||